Tance : pásmo českých a moravských tanců /

Hlavní autor: Livorová, Helena, 1911-
Další autoři: Kos, Bohumil, 1923-
Jazyk: Čeština
Vydáno: Praha : Sokolské nakladatelství, [1952]
Témata:
Fyzický popis: 40 s., obr. příl. : il.
Knihy
Uloženo v:
LEADER 01276nam a22002772a 4500
001 000230728
003 CZ BrMZK
005 20240403065720.0
007 ta
008 970107s1952 xr af f 000 0 cze d
015 |a cnb000505587 
035 |a (OCoLC)85309422 
040 |a BOA001  |b cze 
100 1 |a Livorová, Helena,  |d 1911-  |7 jk01072306  |4 aut  |4 com 
245 1 0 |a Tance :  |b pásmo českých a moravských tanců /  |c tance vybrali a uspořádali Helena Livorová a Bohumil Kos 
260 |a Praha :  |b Sokolské nakladatelství,  |c [1952] 
300 |a 40 s., obr. příl. :  |b il. 
700 1 |a Kos, Bohumil,  |d 1923-  |7 jk01061911  |4 aut  |4 com 
910 |a BOA001  |b PK-0002.683  |b X-0277.855 
964 |a Tance lidové české - nácvik - návody 
990 |a BK 
996 6 |b 2618815272  |c X-0277.855  |l MZK  |r Sklad / do 24 hodin  |n 0  |w 000230728  |u 000050  |a 1  |e BOA001  |j MZK50  |s P 
996 7 |b 2619936525  |c X-0277.855  |l MZK  |r Sklad / do 24 hodin  |n 12  |w 000230728  |u 000040  |a 1  |e BOA001  |j MZK50  |s A 
996 7 |b 3119686131  |c PK-0002.683  |l MZK  |r Sklad / do 1 hodiny  |n 0  |w 000230728  |u 000030  |a 1  |e BOA001  |j MZK50  |s A 
996 7 |b 3119821309  |c PK-0002.683  |l MZK  |r Sklad / do 1 hodiny  |n 5  |w 000230728  |u 000020  |a 1  |e BOA001  |j MZK50  |s A 
996 7 |b 3119911988  |c PK-0002.683  |l MZK  |r Sklad / do 1 hodiny  |n 8  |w 000230728  |u 000010  |a 1  |e BOA001  |j MZK50  |s A